000
00311 a2200157 4500
001
58112
020
_a
040
_c
Anchieta - Pituba
100
_a
Lemos, Afrânio Pires
240
1
0
_a
Janaína
_l
por
245
1
0
_a
Janaína
300
_a
70
362
0
_a
1985
650
4
_a
Poesia brasileira
942
_c
BK
999
_c
58112
_d
58112